Plantaciones de árboles en América Latina: movimiento mundial por los Bosques Tropicales (WRM)
Guardado en:
| Format: | Bog |
|---|---|
| Sprog: | Spanish |
| Tags: |
Tilføj Tag
Ingen Tags, Vær først til at tagge denne postø!
|
MARC
| LEADER | 00000nam a22000007a 4500 | ||
|---|---|---|---|
| 003 | cru CIDCACS/IIS | ||
| 005 | 20180228094803.0 | ||
| 007 | ta | ||
| 008 | 180228s2009 uy |||p|r||||||0| ||spa|d | ||
| 999 | |c 41059 |d 41059 | ||
| 040 | |c cru CIDCACS/IIS | ||
| 245 | 1 | |a Plantaciones de árboles en América Latina: |b movimiento mundial por los Bosques Tropicales (WRM) | |
| 300 | |a páginas 3-7: |b fotos | ||
| 773 | 0 | |0 41050 |9 1819 |a Red de Ecología Social (Uruguay) |d Uruguay: REDES-AT; GRAIN |o 17937 |t Biodiversidad: |x 07977888X | |
| 942 | |2 ddc |c PP | ||
